[Event "Mindsports Open 4th"]
[Site "London"]
[Date "2024.07.22"]
[Round "7.17"]
[White "Bird, Joel"]
[Black "Banerjee, Supratit"]
[Result "0-1"]
[WhiteElo "1975"]
[BlackElo "2161"]
[PlyCount "160"]
[EventDate "2024.07.18"]
[EventType "swiss"]
[EventRounds "9"]
[EventCountry "ENG"]
[SourceTitle "BritBase"]
[Source "John Saunders"]
[SourceDate "2024.08.27"]
[SourceVersion "1"]
[SourceVersionDate "2024.08.27"]
[SourceQuality "1"]

1. e4 c6 2. d4 d5 3. Nc3 dxe4 4. Nxe4 Nf6 5. Nxf6+ exf6 6. c3 Bd6 7. Bd3 O-O 8. Qc2 Re8+ 9. Ne2 h5 10. O-O Qc7 11. h3 Nd7 12. Be3 Nf8 13. c4 b6 14. c5 bxc5 15. dxc5 Be5 16. Nd4 Rb8 17. Rad1 Be6 18. b3 Bd5 19. Bc4 Be4 20. Bd3 Bxd3 21. Rxd3 Rbd8 22. Rfd1 Bxd4 23. Rxd4 Rxd4 24. Rxd4 Qe5 25. Ra4 Re7 26. Qd1 Rd7 27. Qf3 Ne6 28. g3 Rc7 29. Kg2 g6 30. Ra6 Qd5 31. Qxd5 cxd5 32. b4 d4 33. Bd2 Kf8 34. c6 Ke7 35. b5 Nc5 36. Bb4 Kd6 37. Ra3 Kd5 38. Ba5 Rc8 39. c7 Kc4 40. b6 axb6 41. Bxb6 Ne6 42. Ra7 d3 43. Ba5 Kb5 44. Kf1 Nc5 45. Bc3 Ne4 46. Bd4 Nd2+ 47. Kg2 Nc4 48. Rb7+ Kc6 49. Rb1 f5 50. Rd1 Rxc7 51. Rxd3 Rd7 52. Kf1 Rb7 53. Ke2 Re7+ 54. Kf3 Re1 55. Rc3 Kd5 56. Be3 Ra1 57. Rc2 Ne5+ 58. Ke2 Rh1 59. Rc5+ Kd6 60. h4 Ra1 61. Ra5 Nc6 62. Bf4+ Ke6 63. Ra4 Kd5 64. Be3 Rb1 65. Kf3 Rb2 66. Kg2 Nb4 67. a3 Nc2 68. Ba7 Ra2 69. Ra5+ Ke4 70. Bc5 Ne1+ 71. Kf1 Nd3 72. Kg2 f4 73. Ra4+ Kf5 74. Bd6 Rxf2+ 75. Kg1 f3 76. Rd4 Rg2+ 77. Kf1 Rd2 78. Kg1 f2+ 79. Kg2 Ne1+ 80. Kf1 Rxd4 0-1

[Event "Mindsports Open 4th"]
[Site "London"]
[Date "2024.07.22"]
[Round "7.18"]
[White "Patel, Zain"]
[Black "Eames, Robert S"]
[Result "1/2-1/2"]
[WhiteElo "1958"]
[BlackElo "2148"]
[PlyCount "198"]
[EventDate "2024.07.18"]
[EventType "swiss"]
[EventRounds "9"]
[EventCountry "ENG"]
[SourceTitle "BritBase"]
[Source "John Saunders"]
[SourceDate "2024.08.27"]
[SourceVersion "1"]
[SourceVersionDate "2024.08.27"]
[SourceQuality "1"]

1. Nf3 Nf6 2. b3 c5 3. Bb2 g6 4. g3 Bg7 5. c4 O-O 6. Bg2 d6 7. O-O e5 8. d3 Nc6 9. Nc3 h6 10. e3 Bf5 11. d4 cxd4 12. exd4 e4 13. Nh4 Bg4 14. f3 exf3 15. Bxf3 Bxf3 16. Nxf3 Qd7 17. Qd2 Rfe8 18. Rae1 Qg4 19. d5 Rxe1 20. Nxe1 Ne5 21. Rf4 Qd7 22. Ne4 Nh5 23. Bxe5 Bxe5 24. Rh4 f5 25. Nf2 Bg7 26. Ned3 Qe7 27. Nf4 Nxf4 28. Rxf4 Re8 29. b4 h5 30. Rf3 Qe1+ 31. Qxe1 Rxe1+ 32. Kg2 Rc1 33. c5 dxc5 34. d6 cxb4 35. d7 Bf6 36. Rd3 Bd8 37. Re3 Kf7 38. Re8 Bb6 39. d8=Q Bxd8 40. Rxd8 Rc2 41. Rd7+ Ke6 42. Rxb7 a5 43. Rb6+ Kf7 44. a3 bxa3 45. Rb5 a4 46. Rb4 a2 47. Rxa4 g5 48. Kf3 Ke6 49. Ra5 Kd6 50. h3 g4+ 51. hxg4 hxg4+ 52. Ke3 Rc3+ 53. Nd3 Rc2 54. Ra6+ Kc7 55. Nb4 Rg2 56. Kf4 Rf2+ 57. Kg5 Rf3 58. Kh4 Kb7 59. Rxa2 f4 60. Kxg4 Rxg3+ 61. Kxf4 Rb3 62. Nd5 Rb1 63. Ke5 Rh1 64. Kd6 Rh4 65. Kd7 Rh7+ 66. Ne7 Kb6 67. Rc2 Kb5 68. Kd6 Rh6+ 69. Ke5 Rh5+ 70. Nf5 Kb4 71. Ke4 Kb5 72. Nd4+ Kb6 73. Rc6+ Kb7 74. Rg6 Kc7 75. Kd3 Rh3+ 76. Kc4 Rh4 77. Rf6 Kd7 78. Kd5 Rh5+ 79. Nf5 Kc7 80. Kc5 Kd7 81. Rd6+ Kc7 82. Rd5 Rh1 83. Ne3 Rc1+ 84. Nc4 Rc2 85. Rh5 Kd7 86. Re5 Rc1 87. Re3 Rc2 88. Kd5 Rc1 89. Re4 Rd1+ 90. Kc5 Rc1 91. Re2 Rc3 92. Kd4 Rc1 93. Ne5+ Kd6 94. Rh2 Rd1+ 95. Nd3 Ke6 96. Ke4 Kf6 97. Rg2 Ra1 98. Rf2+ Ke7 99. Kd5 Rd1 1/2-1/2

[Event "Mindsports Open 4th"]
[Site "London"]
[Date "2024.07.22"]
[Round "7.19"]
[White "Murawski, Jan"]
[Black "Liu, Tianyi (Jack)"]
[Result "1-0"]
[WhiteElo "2121"]
[BlackElo "2098"]
[PlyCount "121"]
[EventDate "2024.07.18"]
[EventType "swiss"]
[EventRounds "9"]
[EventCountry "ENG"]
[SourceTitle "BritBase"]
[Source "John Saunders"]
[SourceDate "2024.08.27"]
[SourceVersion "1"]
[SourceVersionDate "2024.08.27"]
[SourceQuality "1"]

1. d4 Nf6 2. c4 g6 3. Nc3 d5 4. cxd5 Nxd5 5. e4 Nxc3 6. bxc3 Bg7 7. Bc4 c5 8. Ne2 Nc6 9. Be3 O-O 10. O-O b6 11. dxc5 Qc7 12. Nf4 e6 13. Nd3 Na5 14. Bb5 Bb7 15. f3 Rfd8 16. Bg5 f6 17. Bf4 e5 18. Be3 bxc5 19. Qe2 a6 20. Ba4 Bf8 21. Nb2 Bc6 22. Rab1 Rdb8 23. Bxc6 Qxc6 24. Nc4 Nxc4 25. Qxc4+ Kg7 26. a4 Be7 27. h3 h5 28. Rfd1 Rxb1 29. Rxb1 Qc7 30. Qd5 Ra7 31. Kh2 g5 32. c4 h4 33. Bd2 Bf8 34. Kg1 Qe7 35. Be3 Rd7 36. Qc6 Kg6 37. Qxa6 Qd8 38. Qb5 Rd1+ 39. Rxd1 Qxd1+ 40. Kh2 Qe1 41. Bg1 Bh6 42. Qe8+ Kg7 43. Qe7+ Kg6 44. Qxc5 g4 45. fxg4 Bf4+ 46. Kh1 Bd2 47. Qf2 Qc1 48. c5 Bc3 49. Qf5+ Kg7 50. Kh2 Bd2 51. Qd7+ Kg6 52. Qd3 Be1 53. Qe3 Bd2 54. Qf3 Bf4+ 55. Kh1 Kf7 56. a5 Qa1 57. Qb3+ Kg6 58. c6 Qxa5 59. Qb6 Qc3 60. Qc5 Qe1 61. c7 1-0

[Event "Mindsports Open 4th"]
[Site "London"]
[Date "2024.07.22"]
[Round "7.20"]
[White "Merriman, James"]
[Black "Josse, Mark"]
[Result "1/2-1/2"]
[WhiteElo "1974"]
[BlackElo "2150"]
[PlyCount "26"]
[EventDate "2024.07.18"]
[EventType "swiss"]
[EventRounds "9"]
[EventCountry "ENG"]
[SourceTitle "BritBase"]
[Source "John Saunders"]
[SourceDate "2024.08.27"]
[SourceVersion "1"]
[SourceVersionDate "2024.08.27"]
[SourceQuality "1"]

1. d4 d5 2. c4 dxc4 3. e4 Nc6 4. d5 Ne5 5. Bf4 Nd3+ 6. Bxd3 cxd3 7. Qxd3 c6 8. Nc3 Nf6 9. Nf3 g6 10. O-O Bg7 11. Rfd1 O-O 12. dxc6 Qxd3 13. Rxd3 bxc6 1/2-1/2

[Event "Mindsports Open 4th"]
[Site "London"]
[Date "2024.07.22"]
[Round "7.21"]
[White "Ethelontis, Alexandros N"]
[Black "Rocco, Federico"]
[Result "0-1"]
[WhiteElo "2001"]
[BlackElo "2146"]
[PlyCount "68"]
[EventDate "2024.07.18"]
[EventType "swiss"]
[EventRounds "9"]
[EventCountry "ENG"]
[SourceTitle "BritBase"]
[Source "John Saunders"]
[SourceDate "2024.08.27"]
[SourceVersion "1"]
[SourceVersionDate "2024.08.27"]
[SourceQuality "1"]

1. c4 e5 2. g3 Nf6 3. Bg2 h6 4. a3 d5 5. cxd5 Nxd5 6. d4 Nb6 7. Nf3 exd4 8. Qxd4 Qxd4 9. Nxd4 c6 10. Nc3 Bc5 11. Nb3 Bd6 12. O-O Na6 13. Rd1 Be5 14. f4 Bc7 15. Na5 Nd7 16. Nc4 Ndc5 17. b4 Be6 18. bxc5 Bxc4 19. Be3 O-O 20. Bd4 Rad8 21. e3 Ba5 22. Ne4 b6 23. Bf1 Bxf1 24. Kxf1 Rfe8 25. Nd6 bxc5 26. Nxe8 cxd4 27. Rxd4 Rxe8 28. Ra4 Nc5 29. Rc4 Nb3 30. Rd1 Nd2+ 31. Rxd2 Bxd2 32. e4 c5 33. Ke2 Ba5 34. Rxc5 Rxe4+ 0-1

[Event "Mindsports Open 4th"]
[Site "London"]
[Date "2024.07.22"]
[Round "7.22"]
[White "Shearsby, Jude"]
[Black "Verbytski, Oleg"]
[Result "1/2-1/2"]
[WhiteElo "2130"]
[BlackElo "2076"]
[PlyCount "95"]
[EventDate "2024.07.18"]
[EventType "swiss"]
[EventRounds "9"]
[EventCountry "ENG"]
[SourceTitle "BritBase"]
[Source "John Saunders"]
[SourceDate "2024.08.27"]
[SourceVersion "1"]
[SourceVersionDate "2024.08.27"]
[SourceQuality "1"]

1. e4 c5 2. Nf3 d6 3. d4 cxd4 4. Nxd4 Nf6 5. f3 a6 6. c4 e6 7. Nc3 Be7 8. Be3 Nc6 9. Be2 Bd7 10. O-O O-O 11. Qd2 Rb8 12. Rfd1 b5 13. cxb5 Nxd4 14. Bxd4 Bxb5 15. Nxb5 axb5 16. Rac1 d5 17. e5 Nd7 18. Rc6 Ra8 19. Bxb5 Rxa2 20. f4 Qb8 21. Bd3 Rc8 22. Bxh7+ Kh8 23. Rxc8+ Qxc8 24. Bb1 Ra4 25. Rc1 Qa6 26. b3 Rb4 27. Bf2 g6 28. Qc3 Rxf4 29. Qc8+ Qxc8 30. Rxc8+ Nf8 31. Rc7 Bb4 32. Be3 Rh4 33. Rxf7 Kg8 34. Rb7 Bc3 35. Bg5 Rh7 36. Rxh7 Kxh7 37. Bf4 Nd7 38. h4 Kg7 39. Kf2 Nxe5 40. b4 Ng4+ 41. Kf3 Ne5+ 42. Ke2 Nc6 43. g4 Bxb4 44. h5 gxh5 45. gxh5 Nd4+ 46. Ke3 Nf5+ 47. Bxf5 exf5 48. Kd4 1/2-1/2

[Event "Mindsports Open 4th"]
[Site "London"]
[Date "2024.07.22"]
[Round "7.23"]
[White "Kolani, Arjun"]
[Black "Adams, Henry"]
[Result "1-0"]
[WhiteElo "2124"]
[BlackElo "2000"]
[PlyCount "47"]
[EventDate "2024.07.18"]
[EventType "swiss"]
[EventRounds "9"]
[EventCountry "ENG"]
[SourceTitle "BritBase"]
[Source "John Saunders"]
[SourceDate "2024.08.27"]
[SourceVersion "1"]
[SourceVersionDate "2024.08.27"]
[SourceQuality "1"]

1. e4 e5 2. Nf3 Nc6 3. Bc4 Bc5 4. c3 Nf6 5. d3 d6 6. O-O a6 7. Bb3 h6 8. Re1 Ba7 9. Nbd2 g5 10. Nf1 g4 11. N3d2 h5 12. Nc4 h4 13. Be3 Nh5 14. Bxa7 Nxa7 15. d4 Qg5 16. dxe5 dxe5 17. Nce3 g3 18. fxg3 hxg3 19. hxg3 Nxg3 20. Qf3 Rh1+ 21. Kf2 f5 22. Qxg3 Qxg3+ 23. Nxg3 Rxe1 24. Kxe1 1-0

[Event "Mindsports Open 4th"]
[Site "London"]
[Date "2024.07.22"]
[Round "7.24"]
[White "Willmoth, Robert F"]
[Black "Dias, Savin"]
[Result "1/2-1/2"]
[WhiteElo "2115"]
[BlackElo "1954"]
[PlyCount "67"]
[EventDate "2024.07.18"]
[EventType "swiss"]
[EventRounds "9"]
[EventCountry "ENG"]
[SourceTitle "BritBase"]
[Source "John Saunders"]
[SourceDate "2024.08.27"]
[SourceVersion "1"]
[SourceVersionDate "2024.08.27"]
[SourceQuality "1"]

1. d4 Nf6 2. c4 e6 3. g3 Bb4+ 4. Bd2 Qe7 5. Bg2 O-O 6. e4 d5 7. e5 Nfd7 8. cxd5 exd5 9. Ne2 Bxd2+ 10. Qxd2 Nb6 11. Nbc3 Be6 12. O-O Na6 13. h3 Qd7 14. Nf4 g6 15. b3 Rac8 16. a4 c6 17. a5 Na8 18. Nd1 N8c7 19. Ne3 Rfd8 20. b4 Qe7 21. Nd3 f6 22. f4 fxe5 23. fxe5 Rf8 24. Nf4 Bd7 25. Rab1 Kg7 26. Kh2 Nb5 27. Rfe1 Nac7 28. Re2 Ne6 29. Nxe6+ Bxe6 30. Nd1 Rf7 31. Rc1 a6 32. Nb2 Rcf8 33. Na4 Na3 34. Nc5 1/2-1/2

[Event "Mindsports Open 4th"]
[Site "London"]
[Date "2024.07.22"]
[Round "7.25"]
[White "Hill, Alistair"]
[Black "Pandit, Kabir"]
[Result "1/2-1/2"]
[WhiteElo "2101"]
[BlackElo "1950"]
[PlyCount "83"]
[EventDate "2024.07.18"]
[EventType "swiss"]
[EventRounds "9"]
[EventCountry "ENG"]
[SourceTitle "BritBase"]
[Source "John Saunders"]
[SourceDate "2024.08.27"]
[SourceVersion "1"]
[SourceVersionDate "2024.08.27"]
[SourceQuality "1"]

1. Nf3 d5 2. g3 Bg4 3. Bg2 Nd7 4. c4 c6 5. cxd5 cxd5 6. O-O Ngf6 7. Nc3 e6 8. Qb3 Bxf3 9. Bxf3 Nc5 10. Qb5+ Qd7 11. d4 Na6 12. Bf4 Bb4 13. Rac1 Bxc3 14. Qxd7+ Kxd7 15. bxc3 Rac8 16. c4 b6 17. Be5 Rxc4 18. Rxc4 dxc4 19. Rc1 Nd5 20. Rxc4 b5 21. Rc1 f6 22. Bf4 Nxf4 23. gxf4 Rc8 24. Rb1 Rb8 25. Be4 f5 26. Bd3 Nc7 27. e3 Kd6 28. Kf1 a5 29. Ke2 b4 30. Bc4 Nd5 31. Kd3 Nc3 32. Rg1 Rb7 33. f3 Rc7 34. h4 g6 35. h5 gxh5 36. Rh1 h4 37. Rxh4 Nd1 38. Bb5 Nb2+ 39. Kd2 a4 40. Rh1 Rb7 41. Ba6 Rc7 42. Bb5 1/2-1/2

[Event "Mindsports Open 4th"]
[Site "London"]
[Date "2024.07.22"]
[Round "7.26"]
[White "Deepak Ambattu, Rithvik"]
[Black "Pal, Rohan"]
[Result "0-1"]
[WhiteElo "1978"]
[BlackElo "2077"]
[PlyCount "104"]
[EventDate "2024.07.18"]
[EventType "swiss"]
[EventRounds "9"]
[EventCountry "ENG"]
[SourceTitle "BritBase"]
[Source "John Saunders"]
[SourceDate "2024.08.27"]
[SourceVersion "1"]
[SourceVersionDate "2024.08.27"]
[SourceQuality "1"]

1. e4 c5 2. Nc3 Nc6 3. Nf3 g6 4. Bb5 Bg7 5. O-O e5 6. d3 Nge7 7. Be3 d6 8. h3 O-O 9. a3 h6 10. Bc4 Kh7 11. Nd5 Nxd5 12. exd5 Ne7 13. b4 b6 14. Bb3 f5 15. Nh2 f4 16. Bd2 Bf5 17. Qe2 Qe8 18. bxc5 bxc5 19. f3 h5 20. c3 Qf7 21. c4 Bd7 22. Rfb1 Nf5 23. Bc3 Ng3 24. Qd2 g5 25. Bd1 Rab8 26. Rxb8 Rxb8 27. Bc2 e4 28. Bxg7 Qxg7 29. d4 Ne2+ 30. Kh1 Qxd4 31. Bxe4+ Kg7 32. Qxd4+ Nxd4 33. Rb1 Rxb1+ 34. Bxb1 Bf5 35. Bxf5 Nxf5 36. Nf1 Kf6 37. Nd2 Ke5 38. Kg1 Ng3 39. Nb3 Nf5 40. Kf2 Ne3 41. Nd2 Kd4 42. Ne4 Nxc4 43. Nxg5 Kxd5 44. Ne4 Nxa3 45. Nf6+ Ke5 46. Nxh5 d5 47. g4 fxg3+ 48. Nxg3 a5 49. Ke2 a4 50. Kd3 Nc4 51. f4+ Ke6 52. f5+ Kf7 0-1

[Event "Mindsports Open 4th"]
[Site "London"]
[Date "2024.07.22"]
[Round "7.27"]
[White "Wilks, Simon"]
[Black "Govindasamy, Nashlen"]
[Result "1/2-1/2"]
[WhiteElo "2027"]
[BlackElo "2081"]
[PlyCount "113"]
[EventDate "2024.07.18"]
[EventType "swiss"]
[EventRounds "9"]
[EventCountry "ENG"]
[SourceTitle "BritBase"]
[Source "John Saunders"]
[SourceDate "2024.08.27"]
[SourceVersion "1"]
[SourceVersionDate "2024.08.27"]
[SourceQuality "1"]

1. e4 c6 2. Nc3 d5 3. Nf3 dxe4 4. Nxe4 Nf6 5. Qe2 Nxe4 6. Qxe4 Qa5 7. Qf4 Qf5 8. Qe3 Qe6 9. b3 Qxe3+ 10. dxe3 Bf5 11. Bd3 Bxd3 12. cxd3 f6 13. d4 e6 14. Bb2 Na6 15. Ke2 Be7 16. Rhd1 Kf7 17. Ne1 Rhd8 18. Rac1 Nb4 19. a3 Nd5 20. Nd3 a5 21. Rc2 a4 22. b4 Nc7 23. f3 Nb5 24. Nf2 Rd7 25. Rdc1 Rad8 26. Rd1 Bd6 27. Ne4 Bf8 28. Rcd2 Ra8 29. h3 Be7 30. g4 h5 31. Ng3 hxg4 32. hxg4 Rh8 33. Rh1 Rxh1 34. Nxh1 Rd8 35. Nf2 Nd6 36. Rc2 Rh8 37. Kd3 Rh2 38. Nd1 Rh1 39. Nc3 b5 40. e4 Re1 41. Kd2 Rh1 42. Kd3 Rh3 43. Ke2 Nc4 44. Bc1 Ke8 45. Nd1 Kd7 46. Ne3 Nb6 47. Kf2 Bd6 48. Kg2 Rh2+ 49. Kg1 Rh8 50. Ng2 Rh3 51. Kf2 Bg3+ 52. Kg1 Bb8 53. Rc3 Nc4 54. Nf4 Ba7 55. Kg2 Rh8 56. Rd3 g5 57. Nh5 1/2-1/2

[Event "Mindsports Open 4th"]
[Site "London"]
[Date "2024.07.22"]
[Round "7.28"]
[White "Dupuis, Denis K"]
[Black "Brackmann, Hendrik"]
[Result "1/2-1/2"]
[WhiteElo "2013"]
[BlackElo "2086"]
[PlyCount "35"]
[EventDate "2024.07.18"]
[EventType "swiss"]
[EventRounds "9"]
[EventCountry "ENG"]
[SourceTitle "BritBase"]
[Source "John Saunders"]
[SourceDate "2024.08.27"]
[SourceVersion "1"]
[SourceVersionDate "2024.08.27"]
[SourceQuality "1"]

1. e4 e6 2. d4 d5 3. exd5 exd5 4. Nf3 Nc6 5. Bb5 Bd6 6. c4 dxc4 7. d5 a6 8. Ba4 b5 9. dxc6 bxa4 10. O-O Ne7 11. Nbd2 Be6 12. Qxa4 c3 13. bxc3 Bd5 14. Ne4 Bxc6 15. Nxd6+ Qxd6 16. Qg4 O-O 17. Nd4 Bd7 18. Qf3 1/2-1/2

[Event "Mindsports Open 4th"]
[Site "London"]
[Date "2024.07.22"]
[Round "7.29"]
[White "Brozel, Sacha"]
[Black "Fellowes, Billy"]
[Result "0-1"]
[WhiteElo "2124"]
[BlackElo "2063"]
[PlyCount "102"]
[EventDate "2024.07.18"]
[EventType "swiss"]
[EventRounds "9"]
[EventCountry "ENG"]
[SourceTitle "BritBase"]
[Source "John Saunders"]
[SourceDate "2024.08.27"]
[SourceVersion "1"]
[SourceVersionDate "2024.08.27"]
[SourceQuality "1"]

1. g3 c5 2. c4 Nc6 3. Nc3 Nf6 4. Bg2 g6 5. d3 Bg7 6. e4 d6 7. Nge2 O-O 8. O-O Bd7 9. h3 e5 10. f4 exf4 11. Bxf4 Be6 12. Qd2 Qd7 13. Bg5 Ne8 14. Kh2 Ne5 15. Rad1 Nc7 16. b3 Nc6 17. Bf6 Bxf6 18. Rxf6 Qe7 19. Rdf1 Ne8 20. R6f2 Nc7 21. Qh6 f6 22. Qd2 Kg7 23. d4 Bd7 24. e5 fxe5 25. Rxf8 Rxf8 26. Rxf8 Kxf8 27. dxc5 dxc5 28. Ne4 Be6 29. Qh6+ Kg8 30. N2c3 Nd4 31. g4 b6 32. Ng5 Qg7 33. Qh4 h6 34. Nge4 Ne8 35. g5 hxg5 36. Nxg5 Qf6 37. Nd5 Bxd5 38. Bxd5+ Kg7 39. Kg2 a6 40. Qh7+ Kf8 41. h4 Qf5 42. Qf7+ Qxf7 43. Nxf7 e4 44. Ne5 Nf6 45. Nxg6+ Kg7 46. Nf4 e3 47. Bb7 a5 48. Kf1 Kh6 49. Nd5 Ng4 50. Bc8 e2+ 51. Ke1 Ne5 0-1

[Event "Mindsports Open 4th"]
[Site "London"]
[Date "2024.07.22"]
[Round "8.1"]
[White "Janik, Igor"]
[Black "Teclaf, Pawel"]
[Result "1/2-1/2"]
[WhiteElo "2511"]
[BlackElo "2559"]
[PlyCount "20"]
[EventDate "2024.07.18"]
[EventType "swiss"]
[EventRounds "9"]
[EventCountry "ENG"]
[SourceTitle "BritBase"]
[Source "John Saunders"]
[SourceDate "2024.08.27"]
[SourceVersion "1"]
[SourceVersionDate "2024.08.27"]
[SourceQuality "1"]

1. e4 e5 2. Nf3 Nc6 3. Nc3 Nf6 4. d4 exd4 5. Nxd4 Bb4 6. Nxc6 bxc6 7. Bd3 d5 8. exd5 O-O 9. O-O cxd5 10. Bg5 Be6 1/2-1/2

[Event "Mindsports Open 4th"]
[Site "London"]
[Date "2024.07.22"]
[Round "8.2"]
[White "Urkedal, Frode Olav Olsen"]
[Black "Lemos, Damian"]
[Result "1/2-1/2"]
[WhiteElo "2551"]
[BlackElo "2479"]
[PlyCount "111"]
[EventDate "2024.07.18"]
[EventType "swiss"]
[EventRounds "9"]
[EventCountry "ENG"]
[SourceTitle "BritBase"]
[Source "John Saunders"]
[SourceDate "2024.08.27"]
[SourceVersion "1"]
[SourceVersionDate "2024.08.27"]
[SourceQuality "1"]

1. d4 d5 2. c4 c6 3. Nf3 Nf6 4. e3 g6 5. Nc3 Bg7 6. Bd3 O-O 7. O-O Bg4 8. h3 Bxf3 9. Qxf3 e6 10. Rd1 Nbd7 11. Qe2 Re8 12. Qf1 Qe7 13. Bd2 a6 14. Rac1 Rac8 15. Rc2 dxc4 16. Bxc4 e5 17. dxe5 Nxe5 18. Be2 Rcd8 19. Bc1 Rxd1 20. Qxd1 Rd8 21. Rd2 Rxd2 22. Qxd2 Ned7 23. b3 Nb6 24. Bf3 Nfd7 25. Be2 Qb4 26. Nd1 Qe7 27. Qc2 Nd5 28. a3 Be5 29. g3 Bd6 30. b4 h5 31. Bf3 N5f6 32. Nb2 Qe6 33. Nc4 Ne5 34. Nxe5 Bxe5 35. Bg2 Nd5 36. Qd3 Bf6 37. e4 Nb6 38. Bf1 Nd7 39. f4 c5 40. e5 Be7 41. b5 Nb6 42. bxa6 bxa6 43. Be3 c4 44. Qd4 c3 45. Qxc3 Nd5 46. Qb3 Nxe3 47. Qxe3 Qa2 48. Bxa6 Qxa3 49. Qxa3 Bxa3 50. Kg2 Bc1 51. Kf3 Kf8 52. Bc4 Ke7 53. g4 hxg4+ 54. hxg4 g5 55. f5 f6 56. e6 1/2-1/2

[Event "Mindsports Open 4th"]
[Site "London"]
[Date "2024.07.22"]
[Round "8.4"]
[White "Fernandez, Daniel Howard"]
[Black "Sooraj, M R"]
[Result "1-0"]
[WhiteElo "2525"]
[BlackElo "1999"]
[PlyCount "202"]
[EventDate "2024.07.18"]
[EventType "swiss"]
[EventRounds "9"]
[EventCountry "ENG"]
[SourceTitle "BritBase"]
[Source "John Saunders"]
[SourceDate "2024.08.27"]
[SourceVersion "1"]
[SourceVersionDate "2024.08.27"]
[SourceQuality "1"]

1. e4 Nf6 2. e5 Nd5 3. Nc3 e6 4. Nxd5 exd5 5. Qf3 c6 6. d4 d6 7. exd6 Bxd6 8. Bd3 Qh4 9. Qe2+ Be6 10. Nf3 Qh5 11. Ng5 Qxe2+ 12. Kxe2 Bg4+ 13. f3 Bh5 14. h4 Bg6 15. Nh3 Nd7 16. Bxg6 hxg6 17. Bf4 Be7 18. g3 Nf8 19. a4 Ne6 20. Be3 Bd6 21. Kf2 f6 22. Kg2 Kf7 23. Nf2 Rae8 24. Nd3 Re7 25. Rae1 Rhe8 26. Kf2 a5 27. b3 Bb4 28. Nxb4 axb4 29. Rd1 b5 30. axb5 cxb5 31. Ra1 g5 32. hxg5 Nxg5 33. Rae1 Rc7 34. Re2 Ne6 35. Ra1 Rce7 36. Ree1 f5 37. f4 Rc8 38. Re2 Nf8 39. Ra5 Nd7 40. Ra7 Rce8 41. Kf3 Kg6 42. Re1 Kf7 43. Bf2 Rc8 44. Rxe7+ Kxe7 45. Ra2 Nb8 46. Ra5 Rxc2 47. Rxb5 Nc6 48. Rxd5 g6 49. Rb5 Rc3+ 50. Kg2 Kd6 51. Kh3 Rc2 52. Bg1 Rc1 53. d5 Ne7 54. Be3 Rc3 55. Bd4 Nxd5 56. Bxc3 bxc3 57. Ra5 c2 58. Ra1 Kc5 59. Kh4 Ne3 60. Kg5 Kb4 61. Kxg6 Kxb3 62. g4 Kb2 63. Re1 Nd1 64. Re2 fxg4 65. Kh5 Ne3 66. f5 g3 67. f6 g2 68. f7 g1=Q 69. Rxc2+ Kxc2 70. f8=Q Qg4+ 71. Kh6 Nf5+ 72. Kh7 Qh5+ 73. Kg8 Nh6+ 74. Kg7 Nf5+ 75. Kg8 Qg5+ 76. Kh8 Qh4+ 77. Kg8 Ne7+ 78. Kf7 Nd5 79. Qc5+ Nc3 80. Qf5+ Kd2 81. Kg6 Ne4 82. Qa5+ Ke3 83. Qb6+ Kf4 84. Qb8+ Kf3 85. Qb3+ Kg2 86. Qc2+ Kh3 87. Qc8+ Kh2 88. Qc2+ Nf2 89. Qc7+ Kg2 90. Qc6+ Ne4 91. Qc2+ Kf3 92. Qb3+ Ke2 93. Qb5+ Ke3 94. Qb3+ Kd4 95. Qb4+ Kd5 96. Qb7+ Ke5 97. Qb2+ Kd5 98. Qb7+ Kc4 99. Qa6+ Kd4 100. Qb6+ Nc5 101. Qb4+ Kd5 1-0

[Event "Mindsports Open 4th"]
[Site "London"]
[Date "2024.07.22"]
[Round "8.5"]
[White "Rudd, Jack"]
[Black "Czopor, Maciej"]
[Result "0-1"]
[WhiteElo "2243"]
[BlackElo "2361"]
[PlyCount "106"]
[EventDate "2024.07.18"]
[EventType "swiss"]
[EventRounds "9"]
[EventCountry "ENG"]
[SourceTitle "BritBase"]
[Source "John Saunders"]
[SourceDate "2024.08.27"]
[SourceVersion "1"]
[SourceVersionDate "2024.08.27"]
[SourceQuality "1"]

1. d4 Nf6 2. c4 e6 3. Nf3 d5 4. cxd5 exd5 5. Nc3 Bb4 6. Bg5 Qd6 7. Bxf6 Qxf6 8. Qb3 Qb6 9. a3 Bxc3+ 10. Qxc3 O-O 11. e3 Bf5 12. Be2 a5 13. O-O a4 14. Rfc1 c6 15. Qb4 Nd7 16. Qxb6 Nxb6 17. Ne5 f6 18. Nd3 Bxd3 19. Bxd3 Rfe8 20. Rab1 Nc8 21. g4 Nd6 22. Kg2 Kf7 23. h4 h6 24. Kf3 Rec8 25. Rg1 b6 26. g5 hxg5 27. hxg5 f5 28. Kf4 Ke6 29. Rh1 c5 30. dxc5 bxc5 31. Rh7 Ra7 32. f3 c4 33. Bc2 Rb8 34. Rh2 Rf8 35. Rd1 Nc8 36. Rhd2 Ra5 37. Kg3 Ne7 38. e4 fxe4 39. fxe4 d4 40. Kg4 d3 41. Bxd3 cxd3 42. Rxd3 Rf2 43. Rd6+ Kf7 44. R1d2 Rxd2 45. Rxd2 Ke6 46. Rd4 Nc6 47. Rd2 Rb5 48. Kf4 Rb3 49. Rd5 Rxb2 50. Rc5 Rb6 51. Rc4 Ra6 52. Rc5 Ne7 53. e5 Rc6 0-1

[Event "Mindsports Open 4th"]
[Site "London"]
[Date "2024.07.22"]
[Round "8.6"]
[White "Golding, Alex"]
[Black "Cherniaev, Alexander"]
[Result "1-0"]
[WhiteElo "2296"]
[BlackElo "2359"]
[PlyCount "141"]
[EventDate "2024.07.18"]
[EventType "swiss"]
[EventRounds "9"]
[EventCountry "ENG"]
[SourceTitle "BritBase"]
[Source "John Saunders"]
[SourceDate "2024.08.27"]
[SourceVersion "1"]
[SourceVersionDate "2024.08.27"]
[SourceQuality "1"]

1. e4 c5 2. Nf3 Nc6 3. d4 cxd4 4. Nxd4 Nf6 5. Nc3 e6 6. Ndb5 d6 7. Bf4 e5 8. Bg5 a6 9. Bxf6 gxf6 10. Na3 b5 11. Nd5 f5 12. g3 fxe4 13. Bg2 Be6 14. Bxe4 Rc8 15. c3 Bg7 16. Qd3 Ne7 17. Nxe7 Qxe7 18. O-O O-O 19. Bxh7+ Kh8 20. Bf5 d5 21. Bxe6 fxe6 22. Nc2 e4 23. Qe2 Rf3 24. a4 Be5 25. axb5 axb5 26. Nd4 Bxd4 27. cxd4 b4 28. Qd2 Qf6 29. Rac1 Rf8 30. Rce1 Qf5 31. Re3 Qh3 32. Qxb4 Kg8 33. Qe7 R3f7 34. Qd6 Rf3 35. Qe5 R8f7 36. Ra3 Rxa3 37. bxa3 Rh7 38. Qb8+ Kf7 39. Qf4+ Kg8 40. Rc1 Qxh2+ 41. Kf1 Rg7 42. Ke1 Qh5 43. Rc8+ Kh7 44. Kd2 Rf7 45. Rc7 Rxc7 46. Qxc7+ Kg8 47. Qf4 Qe8 48. Qf6 Qc6 49. g4 Qc4 50. Qxe6+ Kg7 51. Qe5+ Kf7 52. Qf4+ Kg6 53. Qe3 Qa2+ 54. Ke1 Qa1+ 55. Ke2 Qb1 56. f4 Qc2+ 57. Ke1 Qb1+ 58. Kf2 Qh1 59. Kg3 Qd1 60. f5+ Kf7 61. Kf4 Qf1+ 62. Kg5 Qa6 63. Kh4 Qd6 64. Kh3 Qa6 65. Kg2 Qb5 66. g5 Qb2+ 67. Kg3 Qb8+ 68. Kg4 Qh2 69. Qg3 Qe2+ 70. Kh4 e3 71. g6+ 1-0